[Event "ECU-ch Schools U15 Clas2"]
[Site "Chess.com INT"]
[Date "2020.11.07"]
[Round "6"]
[White "Molina Moreno, Alejandro Andres"]
[Black "Lainez Reyes, Isaac William"]
[Result "0-1"]
[WhiteElo "1195"]
[BlackElo "1451"]
[PlyCount "70"]
[EventDate "2020.11.07"]
[EventType "swiss"]
[EventRounds "9"]
[EventCountry "ECU"]
[SourceTitle "EXT 2022"]
[Source "ChessBase"]
[SourceDate "2021.10.06"]
[SourceVersion "1"]
[SourceVersionDate "2021.10.06"]
[SourceQuality "1"]

1. c4 c5 2. Nc3 d6 3. g3 Nf6 4. Bg2 e6 5. d3 Be7 6. e4 Nbd7 7. Nge2 0-0 8. 0-0 a6 9. h3 Rb8 10. a4 b6 11. Be3 Bb7 12. Qd2 Qc7 13. f4 Ba8 14. g4 h6 15. f5 exf5 16. gxf5 Ne5 17. Nf4 Bc6 18. Nfd5 Nxd5 19. Nxd5 Bxd5 20. exd5 b5 21. axb5 axb5 22. b3 b4 23. Bf4 Bf6 24. Ra4 Ra8 25. Qa2 Rxa4 26. Qxa4 Nxd3 27. Bg3 Ne5 28. Re1 Qc8 29. Be4 Qa8 30. Qb5 Rb8 31. Qa4 Qxa4 32. bxa4 Ra8 33. Bc2 Ra6 34. Bxe5 Bxe5 35. Re3 Bd4 0-1

[Event "ECU-ch Schools U15 Clas1"]
[Site "Chess.com INT"]
[Date "2020.11.05"]
[Round "3"]
[White "Molina Jean, Jean Pierre"]
[Black "Molina Moreno, Alejandro Andres"]
[Result "0-1"]
[WhiteElo "195"]
[BlackElo "1195"]
[PlyCount "58"]
[EventDate "2020.11.05"]
[EventType "swiss"]
[EventRounds "9"]
[EventCountry "ECU"]
[SourceTitle "EXT 2022"]
[Source "ChessBase"]
[SourceDate "2021.10.06"]
[SourceVersion "1"]
[SourceVersionDate "2021.10.06"]
[SourceQuality "1"]

1. e4 c5 2. Nf3 Nc6 3. d4 cxd4 4. Nxd4 d6 5. Nc3 Nf6 6. f3 g6 7. Be3 Bg7 8. Qd2 0-0 9. h4 h5 10. Be2 Nxd4 11. Bxd4 Be6 12. g4 Rc8 13. gxh5 Nxh5 14. Bxg7 Kxg7 15. f4 Ng3 16. Rg1 Nxe2 17. Qxe2 Qb6 18. Rf1 Qxb2 19. Kd2 Qxc3+ 20. Kd1 Qxa1+ 21. Kd2 Qd4+ 22. Kc1 Rxc2+ 23. Qxc2 Rc8 24. Qxc8 Bxc8 25. Rd1 Qc3+ 26. Kb1 Bg4 27. Rc1 Qd3+ 28. Kb2 Qxe4 29. Rc4 Qxc4 0-1

[Event "ECU-ch Schools U15 Clas1"]
[Site "Chess.com INT"]
[Date "2020.11.05"]
[Round "2"]
[White "Molina Moreno, Alejandro Andres"]
[Black "Orozco Aguilera, Pablo Sebastian"]
[Result "0-1"]
[WhiteElo "1195"]
[BlackElo "1620"]
[PlyCount "110"]
[EventDate "2020.11.05"]
[EventType "swiss"]
[EventRounds "9"]
[EventCountry "ECU"]
[SourceTitle "EXT 2022"]
[Source "ChessBase"]
[SourceDate "2021.10.06"]
[SourceVersion "1"]
[SourceVersionDate "2021.10.06"]
[SourceQuality "1"]

1. c4 c6 2. Nc3 d5 3. d4 Nf6 4. Nf3 a6 5. cxd5 cxd5 6. Bf4 Nc6 7. e3 Bf5 8. Bd3 Bxd3 9. Qxd3 e6 10. 0-0 Bd6 11. Bg5 0-0 12. Rac1 Rc8 13. e4 Be7 14. e5 Nd7 15. Bxe7 Qxe7 16. Nd2 b5 17. Nb3 f6 18. f4 fxe5 19. fxe5 Qh4 20. Ne2 Nb6 21. Nc5 Rxf1+ 22. Rxf1 Nxe5 23. dxe5 Rxc5 24. Qe3 Nd7 25. g3 Qe7 26. Nd4 Rc4 27. Qf2 Nxe5 28. Qe3 Ng4 29. Qxe6+ Qxe6 30. Nxe6 h6 31. b3 Rc2 32. a4 Rxh2 33. axb5 axb5 34. Nc7 Rb2 35. Nxb5 Rxb3 36. Nd4 Rxg3+ 37. Kh1 Rd3 38. Nf5 Rh3+ 39. Kg2 Rc3 40. Rd1 Ne3+ 41. Nxe3 Rxe3 42. Rxd5 Re6 43. Kg3 Kh7 44. Kg4 Re7 45. Kh5 Rf7 46. Rd6 Rf5+ 47. Kg4 Rb5 48. Rc6 h5+ 49. Kh4 g6 50. Rc7+ Kh6 51. Rc6 Rb4+ 52. Kg3 h4+ 53. Kh3 Kh5 54. Rc5+ g5 55. Rd5 Rb3+ 0-1